|
|
|
|
| LEADER |
00607cam a2200181 7i4500 |
| 001 |
0000029846 |
| 005 |
20130725090000.0 |
| 020 |
0 |
0 |
|a 9789211218299
|
| 090 |
0 |
0 |
|a AM. L 330.9
|b ECO
|
| 110 |
2 |
0 |
|a Economic Commission for Latin America and The Caribbean (ECLAC)
|
| 245 |
2 |
0 |
|a The Changing nature of Asian - Latin American economic relations.
|
| 260 |
0 |
0 |
|a Santiago:
|b United Nations,
|c 2012.
|
| 300 |
# |
# |
|a 190 p.
|
| 650 |
0 |
0 |
|a Asian --
|x Economic relations
|
| 650 |
0 |
0 |
|a Latin America --
|x Economic relations
|
| 651 |
0 |
0 |
|a Latin America
|
| 651 |
0 |
0 |
|a Asian
|
| 999 |
|
|
|a 0000032721
|b Book
|c Regions
|e Business Information Centre
|